000 00332nam a22001217a 4500
008 250610b |||||||| |||| 00| 0 eng d
020 _a9781882468
050 _aHF 5635
_b.C66
245 _aContemporary issues in accounting adulting and taxation
260 _bTriumphant publishing company ltd
_c2009
300 _a268p
942 _cBK
999 _c3837
_d3837